Responses for Show #3687 - Tuesday, September 19, 2000

Michelle Clum game 5.

Missing challengers' occupations.

Contestants

[<< previous game]

George Keller, from Alabama

Sue Wright, from Columbus, Ohio

Michelle Clum, an executive assistant originally from Wichita, Kansas (whose 4-day cash winnings total $39,199)

[next game >>]

Jeopardy! Round responses

IRISH COUNTIES
OLYMPIC GOLD MEDALISTS
SCIENCE & NATURE
STRINGED INSTRUMENTS
HEIDI, HEIDI, HEIDI
"HO"
    $100 19
Dublin

Sue
    $100 13
Greg Louganis

Sue
    $100 7
Turtle

George
    $100 18
The Bumblebee

Michelle
    $100 6
North Dakota

Sue
    $100 1
Idaho

Michelle
    $200 20
Tweed

George
    $200 14
Jesse Owens

Sue
    $200 8
(Sue: What is rock?)

Magma

SueGeorge
    $200 21
Spanish guitars

Sue
    $200 12
Pro football game

Sue
    $200 2
Hostess

Sue
    $300 22
Tipperary

George
    $300 15
USA

George
    $300 9
Liquid oxygen

George
    $300 23
Bass

George
    $300 26
Heidi Klum

Michelle
    $300 3
"Tally-Ho!"

George
    $700 29
(George: No response)

Kilkenny

George
    $400 16
Soviet Union

George
    $400 10
Walrus

George
    $400 24
Banjo

George
    $400 27
Heidi Fleiss

Michelle
    $400 4
Homogenization

Sue
    $500 30
Shannon

Michelle
    $500 17
George Foreman

Triple Stumper
    $500 11
(George: Who is Aristotle?)

Andreas Vesalius

MichelleGeorge
    $500 25
(Sue: What is a...)

Bouzouki

MichelleSue
    $500 28
"The Heidi Chronicles"

George
    $500 5
Hogans

Michelle

Scores at the first commercial break (after clue 15):

Michelle Sue George
$1,100 $1,000 $1,100

Scores at the end of the Jeopardy! Round:

Michelle Sue George
$2,900 $800 $2,500

Double Jeopardy! Round responses

CABINET SECRETARIES
I THINK I MISSED THAT MOVIE
ART
CASTLE LIFE
SHAKESPEARE'S EXIT LINES
(Alex: These are the last lines spoken by a particular character in a scene or an act; not necessarily the last line of the play)
BEFORE & AFTER
    $200 16
Secretary of the Treasury

George
    $200 25
(Alex: Less than a minute to go.)

3-D glasses

Sue
    $200 4
Cubism

George
    $200 10
Moat

Michelle
    $200 21
Juliet

Sue
    $200 1
(Sue: Who is Hillary Clinton?)

Edmund Hillary Clinton

SueGeorge
    $400 17
Labor

George
    $400 26
Scott Baio

Sue
    $400 6
Wax

Michelle
    $400 11
Lord

George
    $1,500 22
Shylock

Sue
    $400 2
Amy Irving Berlin

Sue
    $600 18
Earl Butz

Triple Stumper
    $600 27
Sherman Hemsley

Sue
    $600 7
(Sue: What is the $10 bill?)

$5 (Lincoln Memorial in the background)

Sue
Triple Stumper
    $600 12
Falconer

Michelle
    $600 23
(Michelle: Who is Hecuba?)

The Three Witches in "Macbeth"

Michelle
Triple Stumper
    $600 3
Raging Bull Durham

Michelle
    $800 19
William Cohen

Sue
    $800 28
Mike Myers

George
    $1,500 8
Currier and Ives

Michelle
    $800 13
Great hall

George
    $800 24
Petruchio

Michelle
    $800 5
Black Beauty and the Beast

Michelle
    $1000 20
James A. Baker

Triple Stumper
    $1000 29
The Abbotts

Triple Stumper
    $1000 9
Peter the Great

Michelle
    $1000 14
Candles

Sue
    $1000 30
Richard III

Triple Stumper
    $1000 15
Jason Alexander Solzhenitsyn

Michelle

Scores at the end of the Double Jeopardy! Round:

Michelle Sue George
$9,200 $5,100 $5,500

[wagering suggestions for these scores]

Final Jeopardy! Round responses

FAMOUS NAMES
(Alex: You have made your selection as a 5-time champion as to which of our beautiful automobiles you would like to take home - which one is it?)
(Michelle: The Corvette.)
SueWho is Flagstaff?
$5,099
GeorgeWho is Wilhelm?
$3,800
MichelleWho is Einstein?
$1,801
Albert Einstein

Final scores:

Michelle Sue George
$11,001 $1 $1,700
5-day champion: $50,200 3rd place: a Panasonic Digital Palmcorder 2nd place: a trip to Hilton Head Island, South Carolina courtesy of Yahoo! Travel

Game dynamics:

Coryat scores:

Michelle Sue George
$8,500 $4,000 $6,200
17 R
(including 1 DD),
1 W
16 R
(including 1 DD),
4 W
19 R,
2 W
(including 1 DD)

Combined Coryat: $18,700

[game clues] [game scores] [suggest correction]

Game tape date: 2000-08-22
The J! Archive is created by fans, for fans. Scraping, republication, monetization, and malicious use prohibited; this site may use cookies and collect identifying information. See terms. The Jeopardy! game show and all elements thereof, including but not limited to copyright and trademark thereto, are the property of Jeopardy Productions, Inc. and are protected under law. This website is not affiliated with, sponsored by, or operated by Jeopardy Productions, Inc. Join the discussion at JBoard.tv.